000 00639nam a22001937a 4500
999 _c172343
_d172343
005 20200203122959.0
010 _aA-550004
020 _c150.00
_a9693500164
035 _aA-550004
037 _bBPPD/Pub.
082 _a910.4
100 _aمستنصر حسین تارڑ
245 _aنکلے تری تلاش میں /
_cمستنصر حسین تارڑ
246 _aNikle Teri Talash Mein (Urdu) /
_bby Mustansar Husain
260 _aلاہور
_bسنگ میل پبلیکیشنز
_c1992 ء
270 _aچوک اردر بازار
_bلاہود
_e-
300 _a488p.
_c22cm(Hb)
942 _2ddc
_cUR
_h910.4
_mم س ت